000
00298nam a22001337a 4500
008
170527b xxu||||| |||| 00| 0 eng d
020
_a
132504642
041
_a
eng
080
_a
621.3
100
_a
25
101
_a
IM
245
_a
ELECTRICAL ENGINEERING SERIES
_c
WEDLOCK, B.D
942
_2
udc
_c
BK
999
_c
14648
_d
14648